00303nam a2200133Ia 45000030006000000080041000060400015000471000020000622450014000822600040000963000006001365460010001420050017001520STCL150530s9999 xx 000 0 und d aSTCLcSTCL aShrivasthav G P aPran Nath bHindi Pustak Agency ; Banarusc1922 a0 aHindi20220125171229.0